[Event "Junior Online 4NCL Division 3"]
[Site "online"]
[Date "2020.10.01"]
[Round "4.81"]
[White "Bleeg, Elliott"]
[Black "Tarigopula, Varish"]
[Result "1-0"]
[WhiteElo "1307"]
[BlackElo "1225"]
[PlyCount "139"]
[EventDate "2020.10.01"]
[WhiteTeam "Bristol Bishops"]
[BlackTeam "Uxbridge JAMMA"]

1. e4 c5 2. Nf3 g6 3. d4 cxd4 4. Qxd4 Nf6 5. e5 Nc6 6. Qd1 Ne4 7. Bd3 Nc5 8.
Bb5 Qa5+ 9. Nc3 Bg7 10. Bxc6 bxc6 11. Bd2 Qb6 12. Be3 Qxb2 13. Bd2 Qb7 14. Be3
Ne6 15. Qd2 Qa6 16. Bh6 Bxh6 17. Qxh6 Rb8 18. Ng5 Nxg5 19. Qxg5 h6 20. Qe3 Qa5
21. O-O g5 22. e6 dxe6 23. Qf3 Bd7 24. Rab1 Rxb1 25. Rxb1 Qa6 26. Qd3 Qxd3 27.
cxd3 Bc8 28. Rb8 O-O 29. Ne4 Ba6 30. Rb3 Rd8 31. Nc5 Bc8 32. Rb8 Rf8 33. Ra8 e5
34. Rxa7 Re8 35. Rc7 Bf5 36. Rxc6 Ra8 37. Rxh6 Rxa2 38. h3 Kg7 39. Rc6 Ra1+ 40.
Kh2 Rc1 41. Ne6+ Bxe6 42. Rxc1 g4 43. Re1 gxh3 44. gxh3 Kf6 45. Kg3 Bf5 46. Re3
Ke6 47. f4 f6 48. d4 Kd5 49. dxe5 Kd4 50. Re1 fxe5 51. fxe5 Be6 52. h4 Kd5 53.
h5 Bg8 54. Kg4 e6 55. Kg5 Kc6 56. Kg6 Kd7 57. Kg7 Ke7 58. Kxg8 Ke8 59. h6 Ke7
60. h7 Kd7 61. h8=Q Kc6 62. Qf6 Kd5 63. Rd1+ Ke4 64. Qf1 Kxe5 65. Re1+ Kd6 66.
Qd3+ Ke7 67. Qe4 Kd8 68. Qb7 Ke8 69. Rc1 Kd8 70. Rc8# 1-0

[Event "Junior Online 4NCL Division 3"]
[Site "online"]
[Date "2020.10.01"]
[Round "4.82"]
[White "Dhir, Jai Alexander"]
[Black "Clegg, Anya"]
[Result "1-0"]
[WhiteElo "1000"]
[BlackElo "1180"]
[PlyCount "63"]
[EventDate "2020.10.01"]
[WhiteTeam "Uxbridge JAMMA"]
[BlackTeam "Bristol Bishops"]

1. e4 e5 2. Nf3 Nc6 3. d4 d6 4. d5 Nce7 5. Be2 c6 6. Nc3 cxd5 7. Nxd5 Nxd5 8.
exd5 Nf6 9. O-O Be7 10. c4 O-O 11. b4 a6 12. Be3 b5 13. cxb5 axb5 14. Bxb5 Rb8
15. a4 Bd7 16. Bxd7 Qxd7 17. b5 Ng4 18. Rb1 Nxe3 19. fxe3 e4 20. Nd4 Rfc8 21.
Nc6 Rb7 22. a5 Ra8 23. a6 Rc7 24. Qa4 Rcc8 25. b6 Re8 26. b7 Rab8 27. Rb6 Qc7
28. Rfb1 h6 29. a7 Rxb7 30. Rxb7 Qc8 31. Rxe7 Rxe7 32. Nxe7+ 1-0

[Event "Junior Online 4NCL Division 3"]
[Site "online"]
[Date "2020.10.01"]
[Round "4.83"]
[White "Saha, Soumil"]
[Black "Aurangabadkar, Anish R"]
[Result "1/2-1/2"]
[WhiteElo "1060"]
[BlackElo "880"]
[PlyCount "78"]
[EventDate "2020.10.01"]
[WhiteTeam "Bristol Bishops"]
[BlackTeam "Uxbridge JAMMA"]

1. e4 c5 2. Nf3 a6 3. a4 d6 4. Bc4 Nc6 5. Nc3 e6 6. d3 Nf6 7. Be3 Be7 8. O-O
O-O 9. h3 h6 10. d4 cxd4 11. Nxd4 Nxd4 12. Qxd4 e5 13. Qd3 Re8 14. Nd5 Nxd5 15.
Qxd5 Be6 16. Qd3 Bxc4 17. Qxc4 Bg5 18. Rac1 Bxe3 19. fxe3 Qc8 20. Qd5 Qd7 21.
Rf2 b5 22. axb5 axb5 23. Rcf1 Rf8 24. Kh2 Rab8 25. c4 bxc4 26. Qxc4 Rbd8 27. b4
d5 28. exd5 Qxd5 29. Qc7 Rde8 30. e4 Qe6 31. b5 Rb8 32. Rxf7 Rxf7 33. Rxf7 Qxf7
34. Qxb8+ Kh7 35. b6 Qf4+ 36. Kh1 Qf1+ 37. Kh2 Qf4+ 38. Kg1 Qe3+ 39. Kh2 Qf4+
1/2-1/2

[Event "Junior Online 4NCL Division 3"]
[Site "online"]
[Date "2020.10.01"]
[Round "4.84"]
[White "Tang, Kei Hon"]
[Black "Bleeg, Julian"]
[Result "0-1"]
[WhiteElo "925"]
[BlackElo "797"]
[PlyCount "42"]
[EventDate "2020.10.01"]
[WhiteTeam "Uxbridge JAMMA"]
[BlackTeam "Bristol Bishops"]

1. Nf3 d5 2. d4 Nc6 3. Nc3 Nf6 4. Ne5 Nxe5 5. dxe5 Ng4 6. f4 d4 7. Ne4 Qd5 8.
Qd3 Bf5 9. c4 Qxe4 10. Qxe4 Bxe4 11. h3 Ne3 12. Bxe3 dxe3 13. Rd1 Rd8 14. h4 e6
15. a3 Bc2 16. Rc1 Be4 17. Rh3 Bc5 18. b4 Bd4 19. Kd1 Bb2+ 20. Ke1 Bxc1 21.
Rxe3 Bxe3 0-1

[Event "Junior Online 4NCL Division 3"]
[Site "online"]
[Date "2020.10.01"]
[Round "4.85"]
[White "Tarigopula, Varish"]
[Black "Bleeg, Elliott"]
[Result "0-1"]
[WhiteElo "1225"]
[BlackElo "1307"]
[PlyCount "160"]
[EventDate "2020.10.01"]
[WhiteTeam "Uxbridge JAMMA"]
[BlackTeam "Bristol Bishops"]

1. e4 e5 2. Nf3 Nc6 3. d4 exd4 4. Bc4 Bc5 5. c3 dxc3 6. Bxf7+ Kxf7 7. Qd5+ Ke8
8. Qxc5 cxb2 9. Bxb2 Nf6 10. e5 Ne4 11. Qd5 Ng5 12. Nxg5 Qxg5 13. O-O d6 14.
Re1 Kd8 15. Ba3 Re8 16. Nc3 Rxe5 17. Rxe5 Qxe5 18. Qg8+ Kd7 19. Qf7+ Ne7 20.
Bb2 Qf6 21. Qh5 Qg6 22. Qh3+ Qf5 23. Qe3 Nd5 24. Nxd5 Qxd5 25. Bxg7 Qf7 26.
Qh3+ Kd8 27. Qxh7 Bf5 28. Qh8+ Qe8 29. Bf6+ Kd7 30. Qg7+ Kc6 31. Rc1+ Kb5 32.
Bh4 Qe2 33. Qg5 Qe4 34. g4 Qxg4+ 35. Qxg4 Bxg4 36. Rb1+ Kc6 37. Rc1+ Kd7 38.
Rc4 Be6 39. Rd4 Bxa2 40. Ra4 Be6 41. Bg3 b5 42. Rb4 a5 43. Rxb5 a4 44. Rb1 a3
45. Bh4 Kc6 46. Rc1+ Kb5 47. Rb1+ Kc4 48. Rc1+ Kb3 49. Re1 Bd5 50. Re3+ Kc2 51.
Re2+ Kd3 52. Re3+ Kc4 53. Bf6 a2 54. Rc3+ Kb4 55. Rc1 Rf8 56. Bc3+ Kb3 57. Kf1
Rf3 58. Bd4 Rd3 59. Bf6 Bc4 60. Ke1 Rh3 61. Kd2 Rxh2 62. Rc3+ Kb4 63. Rc1 Rxf2+
64. Ke3 Re2+ 65. Kf4 Rf2+ 66. Kg5 d5 67. Be7+ Kb5 68. Bf6 c5 69. Rd1 d4 70. Rc1
Rb2 71. Ra1 Rb1 72. Rxa2 Bxa2 73. Bd8 d3 74. Bc7 d2 75. Bf4 d1=Q 76. Be5 Qd5
77. Kf5 Rf1+ 78. Kg4 Qxe5 79. Kh4 Rg1 80. Kh3 Qg3# 0-1

[Event "Junior Online 4NCL Division 3"]
[Site "online"]
[Date "2020.10.01"]
[Round "4.86"]
[White "Clegg, Anya"]
[Black "Dhir, Jai Alexander"]
[Result "1-0"]
[WhiteElo "1180"]
[BlackElo "1000"]
[PlyCount "67"]
[EventDate "2020.10.01"]
[WhiteTeam "Bristol Bishops"]
[BlackTeam "Uxbridge JAMMA"]

1. d4 d5 2. e3 Nf6 3. Bd3 Nc6 4. Nf3 e6 5. O-O Bd6 6. Nbd2 e5 7. dxe5 Bxe5 8.
Nxe5 Nxe5 9. Be2 O-O 10. b3 c5 11. c4 Be6 12. cxd5 Bxd5 13. Bb2 Re8 14. Bf3 b5
15. Bxd5 Qxd5 16. Qe2 Rad8 17. Rfd1 Nd3 18. Bxf6 gxf6 19. e4 Qg5 20. Nf3 Qg4
21. Rxd3 Rxd3 22. Qxd3 b4 23. h3 Qe6 24. Re1 Qb6 25. e5 Rd8 26. Qf5 fxe5 27.
Rxe5 Rd1+ 28. Kh2 Qd6 29. g3 Qd8 30. Ng5 Rh1+ 31. Kxh1 Qd1+ 32. Kh2 h6 33.
Qxf7+ Kh8 34. Re8# 1-0

[Event "Junior Online 4NCL Division 3"]
[Site "online"]
[Date "2020.10.01"]
[Round "4.87"]
[White "Aurangabadkar, Anish R"]
[Black "Saha, Soumil"]
[Result "0-1"]
[WhiteElo "880"]
[BlackElo "1060"]
[PlyCount "82"]
[EventDate "2020.10.01"]
[WhiteTeam "Uxbridge JAMMA"]
[BlackTeam "Bristol Bishops"]

1. e4 c5 2. Nf3 d6 3. Bb5+ Nc6 4. Nc3 Bd7 5. O-O e5 6. h3 Be7 7. d3 Nf6 8. Bg5
h6 9. Bxf6 Bxf6 10. Nd5 O-O 11. Qc1 g6 12. Qxh6 Bg7 13. Qh4 Nd4 14. Nxd4 Qxh4
15. Bxd7 exd4 16. Nc7 Rad8 17. Bg4 f5 18. exf5 gxf5 19. Bf3 Rc8 20. Nb5 b6 21.
Nxd6 Rcd8 22. Nb5 Qe7 23. Rfe1 Qd7 24. c4 a6 25. Na3 b5 26. Bd5+ Kh7 27. Bf3
bxc4 28. Nxc4 Qb5 29. b3 Rfe8 30. Rxe8 Rxe8 31. Nd6 Qd7 32. Nxe8 Qxe8 33. a3 a5
34. b4 axb4 35. axb4 cxb4 36. Bd5 Qe5 37. Bb3 Qe2 38. Rd1 Qb2 39. Bd5 b3 40.
Bxb3 Qxb3 41. Ra1 Qxd3 0-1

[Event "Junior Online 4NCL Division 3"]
[Site "online"]
[Date "2020.10.01"]
[Round "4.88"]
[White "Bleeg, Julian"]
[Black "Tang, Kei Hon"]
[Result "1-0"]
[WhiteElo "797"]
[BlackElo "925"]
[PlyCount "97"]
[EventDate "2020.10.01"]
[WhiteTeam "Bristol Bishops"]
[BlackTeam "Uxbridge JAMMA"]

1. e4 Nf6 2. Nc3 Nc6 3. Nf3 e5 4. Bc4 Bc5 5. Nxe5 Nxe5 6. d4 Nxc4 7. dxc5 b6 8.
Qd4 Na5 9. e5 Nc6 10. Qf4 Nh5 11. Qf5 g6 12. Qe4 bxc5 13. Be3 d6 14. Qxc6+ Bd7
15. Qd5 dxe5 16. Qxe5+ Qe7 17. Qxh8+ Qf8 18. Qxf8+ Kxf8 19. Bxc5+ Ke8 20. O-O
a5 21. Rfe1+ Be6 22. Nb5 Kd7 23. Nc3 Rb8 24. b3 Kc6 25. Ba7 Rb4 26. Be3 Bd5 27.
Nxd5 Kxd5 28. Red1+ Ke6 29. Rd2 a4 30. Bc5 Rg4 31. bxa4 Nf4 32. Re1+ Kf6 33.
Bd4+ Kg5 34. Re5+ Kh4 35. g3+ Kh3 36. Kh1 Nh5 37. Rd1 f5 38. f3 Rg5 39. Rd3 f4
40. gxf4 Nxf4 41. Rxg5 Kh4 42. Rg4+ Kh5 43. Be3 g5 44. Bxf4 gxf4 45. Rd5+ Kh6
46. Rh4+ Kg6 47. Kg2 Kf6 48. Kh3 Ke6 49. Rdh5 1-0

[Event "Junior Online 4NCL Division 3"]
[Site "online"]
[Date "2020.10.01"]
[Round "4.91"]
[White "Mehta, Devina"]
[Black "Dissanayake, Sathsara"]
[Result "0-1"]
[WhiteElo "700"]
[BlackElo "850"]
[PlyCount "90"]
[EventDate "2020.10.01"]
[WhiteTeam "Watford Juniors E"]
[BlackTeam "Leicestershire Juniors 6"]

1. e4 e5 2. Nf3 Nf6 3. d4 exd4 4. Nxd4 Bb4+ 5. c3 Bc5 6. Qe2 Qe7 7. e5 Bxd4 8.
cxd4 Nd5 9. Qe4 Nf6 10. Qe2 Nd5 11. Nc3 Nxc3 12. bxc3 d6 13. exd6 Qxe2+ 14.
Bxe2 cxd6 15. Bb5+ Nc6 16. Bf4 O-O 17. Bxd6 Re8+ 18. Kf1 Re6 19. Bc5 b6 20. d5
Re5 21. Bd6 Rxd5 22. Bf4 Rxb5 23. Re1 Be6 24. c4 Bxc4+ 25. Kg1 Bxa2 26. h4 Rb1
27. Rxb1 Bxb1 28. Rh3 Bf5 29. Rc3 Rc8 30. Ra3 g6 31. Rxa7 Nxa7 32. Be3 b5 33.
Bxa7 b4 34. Bd4 b3 35. f3 Rc2 36. f4 b2 37. h5 b1=Q+ 38. Kh2 Qb8 39. hxg6 Qxf4+
40. Kg1 Qxd4+ 41. Kh2 Qd2 42. Kg3 Qxg2+ 43. Kf4 Qe4+ 44. Kg5 Rg2+ 45. Kf6 Qe6#
0-1

[Event "Junior Online 4NCL Division 3"]
[Site "online"]
[Date "2020.10.01"]
[Round "4.92"]
[White "Das, Aman"]
[Black "Karthik, Trivikraman"]
[Result "1-0"]
[WhiteElo "850"]
[BlackElo "700"]
[PlyCount "31"]
[EventDate "2020.10.01"]
[WhiteTeam "Leicestershire Juniors 6"]
[BlackTeam "Watford Juniors E"]

1. e4 e5 2. Bc4 Nc6 3. Nf3 b5 4. Bd5 Bb4 5. O-O Nf6 6. Qe1 O-O 7. c3 Be7 8. b4
Bc5 9. bxc5 a5 10. Na3 b4 11. cxb4 axb4 12. Nc4 Nxe4 13. Qxe4 Ba6 14. d3 Ne7
15. Ng5 Nxd5 16. Qxh7# 1-0

[Event "Junior Online 4NCL Division 3"]
[Site "online"]
[Date "2020.10.01"]
[Round "4.95"]
[White "Dissanayake, Sathsara"]
[Black "Mehta, Devina"]
[Result "1-0"]
[WhiteElo "850"]
[BlackElo "700"]
[PlyCount "71"]
[EventDate "2020.10.01"]
[WhiteTeam "Leicestershire Juniors 6"]
[BlackTeam "Watford Juniors E"]

1. e4 e5 2. Nf3 d6 3. Bd3 Nf6 4. O-O Bg4 5. Be2 d5 6. Nxe5 Qe7 7. Nxg4 Nxe4 8.
Re1 Qc5 9. Bf3 Qd4 10. c3 Qe5 11. Nxe5 f6 12. Nd3 f5 13. Bxe4 fxe4 14. Nc5 b6
15. Nb3 Bc5 16. Nxc5 bxc5 17. f3 Kd8 18. fxe4 dxe4 19. Rxe4 Nd7 20. Qg4 Nf6 21.
Qxg7 Re8 22. Qxf6+ Kd7 23. Rxe8 Kxe8 24. Qh8+ Kf7 25. Qxa8 h6 26. Na3 h5 27. d4
cxd4 28. Bf4 c6 29. cxd4 h4 30. Re1 a6 31. Qxc6 a5 32. Rc1 a4 33. Rc5 Kg7 34.
Ra5 Kh7 35. Ra7+ Kg8 36. Qc8# 1-0

[Event "Junior Online 4NCL Division 3"]
[Site "online"]
[Date "2020.10.01"]
[Round "4.96"]
[White "Karthik, Trivikraman"]
[Black "Das, Aman"]
[Result "1-0"]
[WhiteElo "700"]
[BlackElo "850"]
[PlyCount "43"]
[EventDate "2020.10.01"]
[WhiteTeam "Watford Juniors E"]
[BlackTeam "Leicestershire Juniors 6"]

1. e4 c5 2. Bc4 e6 3. Nf3 Nc6 4. O-O Bd6 5. e5 Nxe5 6. Nxe5 Bxe5 7. f4 Bd4+ 8.
Kh1 e5 9. Rf3 exf4 10. Rxf4 Be5 11. Rf3 Qh4 12. Rh3 Qxc4 13. d3 Qe4 14. dxe4 d5
15. Qxd5 Bxh3 16. gxh3 f6 17. Nc3 Nh6 18. Be3 g5 19. Rd1 g4 20. Qd7+ Kf8 21.
Bxh6+ Kg8 22. Qg7# 1-0

[Event "Junior Online 4NCL Division 3"]
[Site "online"]
[Date "2020.10.01"]
[Round "4.98"]
[White "Naren, Riya"]
[Black "Gadhia, Sathya"]
[Result "0-1"]
[WhiteElo "700"]
[BlackElo "812"]
[PlyCount "110"]
[EventDate "2020.10.01"]
[WhiteTeam "Watford Juniors E"]
[BlackTeam "Leicestershire Juniors 6"]

1. e4 Nc6 2. Nf3 Nf6 3. Nc3 d6 4. d3 Bg4 5. d4 Bxf3 6. gxf3 e5 7. f4 exf4 8.
Nb1 Nxe4 9. d5 Nb4 10. c3 Nxd5 11. c4 Nb4 12. a4 Qg5 13. f3 Nc3 14. Qc2 Nxb1
15. Rxb1 Nxc2+ 16. Kd2 d5 17. Kxc2 Bb4 18. Ra1 O-O 19. h4 Qe5 20. Ra3 Bxa3 21.
bxa3 Rfe8 22. h5 Rad8 23. cxd5 Qxd5 24. h6 gxh6 25. Rxh6 Re6 26. a5 Rxh6 27. a6
Rxa6 28. Bxf4 Rf6 29. Bg5 Qxg5 30. f4 Qxf4 31. Bd3 Qg3 32. Bxh7+ Kxh7 33. Kb2
Qg2+ 34. Kb3 Rd3+ 35. Kc4 Rf5 36. Kxd3 Qg3+ 37. Ke4 Rh5 38. Kd4 f5 39. Kd5 f4+
40. Ke6 f3 41. Kf7 f2 42. a4 f1=Q+ 43. Ke6 c5 44. a5 c4 45. Kd7 c3 46. a6 bxa6
47. Ke6 c2 48. Kd7 c1=Q 49. Ke7 a5 50. Ke6 a4 51. Kd7 a3 52. Kd8 a2 53. Kd7
a1=Q 54. Ke6 Qfe1+ 55. Kf7 Qf3# 0-1

[Event "Junior Online 4NCL Division 3"]
[Site "online"]
[Date "2020.10.01"]
[Round "4.101"]
[White "Thompson, Alex"]
[Black "Ye, Tim"]
[Result "1-0"]
[WhiteElo "1472"]
[BlackElo "1367"]
[PlyCount "25"]
[EventDate "2020.10.01"]
[WhiteTeam "Surrey Kings 1"]
[BlackTeam "Manchester Juniors C"]

1. d4 d5 2. c4 e6 3. Nc3 Nf6 4. cxd5 exd5 5. Bg5 Bf5 6. Qb3 b6 7. Bxf6 Qxf6 8.
Qxd5 Nc6 9. e4 Bg6 10. Bb5 Rd8 11. Qxc6+ Qxc6 12. Bxc6+ Ke7 13. Nf3 1-0

[Event "Junior Online 4NCL Division 3"]
[Site "online"]
[Date "2020.10.01"]
[Round "4.102"]
[White "Fairclough, William"]
[Black "Lee, Damin"]
[Result "1/2-1/2"]
[WhiteElo "1337"]
[BlackElo "1150"]
[PlyCount "69"]
[EventDate "2020.10.01"]
[WhiteTeam "Manchester Juniors C"]
[BlackTeam "Surrey Kings 1"]

1. e4 e5 2. Nf3 Nc6 3. d4 d6 4. Bb5 Nf6 5. Nc3 Be7 6. d5 a6 7. Bxc6+ bxc6 8.
dxc6 O-O 9. O-O Bg4 10. h3 Bh5 11. Bg5 h6 12. Bh4 Rb8 13. b3 Rb4 14. Bxf6 Bxf6
15. Re1 Rd4 16. Qe2 Bg5 17. Qxa6 Bxf3 18. gxf3 Bh4 19. Rad1 Qg5+ 20. Kf1 Rxd1
21. Rxd1 Re8 22. Nd5 Re6 23. Nxc7 Rg6 24. Qc8+ Kh7 25. Qg4 Qd8 26. Qh5 Bxf2 27.
Nb5 Rg1+ 28. Ke2 Qb6 29. Qf5+ g6 30. Qxf7+ Kh8 31. Qf8+ Kh7 32. Qf7+ Kh8 33.
Qf8+ Kh7 34. Qf7+ Kh8 35. Qf8+ 1/2-1/2

[Event "Junior Online 4NCL Division 3"]
[Site "online"]
[Date "2020.10.01"]
[Round "4.103"]
[White "Mallia, Luca"]
[Black "Burke, Alexander"]
[Result "0-1"]
[WhiteElo "1000"]
[BlackElo "1292"]
[PlyCount "60"]
[EventDate "2020.10.01"]
[WhiteTeam "Surrey Kings 1"]
[BlackTeam "Manchester Juniors C"]

1. e4 e5 2. Nf3 Nc6 3. Bc4 Bc5 4. d3 h6 5. Nc3 Nf6 6. h3 Ne7 7. d4 exd4 8. Nxd4
O-O 9. O-O d5 10. exd5 Nexd5 11. Na4 Bxd4 12. Qxd4 c6 13. Nc5 b6 14. Ne4 Nxe4
15. Qxe4 Be6 16. Rd1 Qf6 17. Bxd5 cxd5 18. Rxd5 Bxd5 19. Qxd5 Rfe8 20. Bd2 Red8
21. Qe4 Qxb2 22. Rd1 Rac8 23. c3 Rxd2 24. Rxd2 Qxd2 25. Qf5 Qxc3 26. f4 Qc1+
27. Kh2 Rc4 28. Qd5 Qxf4+ 29. Kh1 Rc1+ 30. Qd1 Rxd1# 0-1

[Event "Junior Online 4NCL Division 3"]
[Site "online"]
[Date "2020.10.01"]
[Round "4.104"]
[White "Eccleston, Rowan"]
[Black "Salguero, Santiago"]
[Result "1-0"]
[WhiteElo "1285"]
[BlackElo "1000"]
[PlyCount "71"]
[EventDate "2020.10.01"]
[WhiteTeam "Manchester Juniors C"]
[BlackTeam "Surrey Kings 1"]

1. f4 d5 2. Nf3 f5 3. e3 Nc6 4. Bb5 Nf6 5. Bxc6+ bxc6 6. b3 Bd7 7. Bb2 e6 8.
O-O c5 9. d3 Bd6 10. Nbd2 e5 11. fxe5 Bxe5 12. Bxe5 Ng4 13. Bxg7 Rg8 14. Bb2
Qe7 15. Re1 O-O-O 16. Qe2 Nf6 17. Bxf6 Qxf6 18. e4 dxe4 19. dxe4 fxe4 20. Nxe4
Qe7 21. Rad1 Bc6 22. Rxd8+ Rxd8 23. Ng3 Qf7 24. Qe6+ Qd7 25. Qxd7+ Rxd7 26. Ne5
Rd6 27. Nxc6 Rxc6 28. Re7 Rd6 29. Re2 Rd1+ 30. Kf2 Ra1 31. a4 Rc1 32. Ne4 Rd1
33. Nxc5 Rd8 34. Kg3 Rg8+ 35. Kh3 Rg7 36. Re8# 1-0

[Event "Junior Online 4NCL Division 3"]
[Site "online"]
[Date "2020.10.01"]
[Round "4.105"]
[White "Ye, Tim"]
[Black "Thompson, Alex"]
[Result "0-1"]
[WhiteElo "1367"]
[BlackElo "1472"]
[PlyCount "84"]
[EventDate "2020.10.01"]
[WhiteTeam "Manchester Juniors C"]
[BlackTeam "Surrey Kings 1"]

1. e4 e6 2. d4 d5 3. exd5 exd5 4. c4 Bb4+ 5. Nc3 Nf6 6. Nf3 O-O 7. Bd3 Bg4 8.
h3 Bh5 9. O-O Bxf3 10. Qxf3 c6 11. Bg5 Nbd7 12. cxd5 Bxc3 13. bxc3 cxd5 14.
Rfe1 Qc7 15. Rac1 Rfe8 16. Bf5 Qc6 17. Qg3 h6 18. Bh4 Ne4 19. Qg4 Nef6 20. Qg3
Kh8 21. Re3 Rxe3 22. Qxe3 Re8 23. Qf3 g6 24. Bxf6+ Nxf6 25. Bd3 Re6 26. Rc2 Kg7
27. Re2 Rxe2 28. Qxe2 Qxc3 29. Qc2 Qxd4 30. Kh2 Ne4 31. f3 Qe5+ 32. Kh1 Ng3+
33. Kg1 Qe1+ 34. Kh2 Nf1+ 35. Bxf1 Qxf1 36. Qd2 Qc4 37. Qb2+ d4 38. Kg1 Qc3 39.
Qxb7 d3 40. Qb1 d2 41. Kf1 Qc1+ 42. Qxc1 dxc1=Q+ 0-1

[Event "Junior Online 4NCL Division 3"]
[Site "online"]
[Date "2020.10.01"]
[Round "4.106"]
[White "Lee, Damin"]
[Black "Fairclough, William"]
[Result "0-1"]
[WhiteElo "1150"]
[BlackElo "1337"]
[PlyCount "34"]
[EventDate "2020.10.01"]
[WhiteTeam "Surrey Kings 1"]
[BlackTeam "Manchester Juniors C"]

1. e4 c6 2. d4 d5 3. e5 Bf5 4. c3 e6 5. Nf3 f6 6. Be2 c5 7. O-O cxd4 8. cxd4
Nc6 9. Bb5 Qb6 10. Bxc6+ Qxc6 11. Nc3 Bb4 12. Nh4 Bg6 13. Nxg6 hxg6 14. exf6
Nxf6 15. Bd2 Qc7 16. Qa4+ Nd7 17. Qxb4 Qxh2# 0-1

[Event "Junior Online 4NCL Division 3"]
[Site "online"]
[Date "2020.10.01"]
[Round "4.107"]
[White "Burke, Alexander"]
[Black "Mallia, Luca"]
[Result "1-0"]
[WhiteElo "1292"]
[BlackElo "1000"]
[PlyCount "65"]
[EventDate "2020.10.01"]
[WhiteTeam "Manchester Juniors C"]
[BlackTeam "Surrey Kings 1"]

1. e4 e5 2. Nf3 Nc6 3. Bc4 Bc5 4. Nc3 d6 5. h3 Nf6 6. Ng5 O-O 7. Nxf7 Rxf7 8.
Bxf7+ Kxf7 9. d3 Nb4 10. a3 Nc6 11. O-O d5 12. exd5 Nxd5 13. Nxd5 Qxd5 14. Qh5+
g6 15. Qxh7+ Kf6 16. Bh6 Nd4 17. Qg7+ Kf5 18. Be3 Nxc2 19. Rac1 Qxd3 20. Qf7+
Ke4 21. Bxc5 b6 22. Qxg6+ Kd5 23. Qxd3+ Nd4 24. Qxd4+ Kc6 25. Qe4+ Kb5 26. Qxa8
Ba6 27. a4+ Kxa4 28. Qxa7 Ka5 29. Ra1+ Kb5 30. Qxa6+ Kxc5 31. Rac1+ Kb4 32.
Qc4+ Ka5 33. Ra1# 1-0

[Event "Junior Online 4NCL Division 3"]
[Site "online"]
[Date "2020.10.01"]
[Round "4.108"]
[White "Salguero, Santiago"]
[Black "Eccleston, Rowan"]
[Result "0-1"]
[WhiteElo "1000"]
[BlackElo "1285"]
[PlyCount "40"]
[EventDate "2020.10.01"]
[WhiteTeam "Surrey Kings 1"]
[BlackTeam "Manchester Juniors C"]

1. e4 e6 2. d4 d5 3. Nc3 Nc6 4. e5 Bb4 5. Nf3 Bxc3+ 6. Bd2 Bxd2+ 7. Nxd2 f6 8.
Be2 Nxd4 9. Bh5+ g6 10. Bg4 b6 11. c3 Nc6 12. f3 Nxe5 13. f4 Nxg4 14. Qxg4 f5
15. Qd1 Bb7 16. O-O Qd6 17. b3 O-O-O 18. c4 Qc6 19. cxd5 Qxd5 20. Rc1 Qxg2# 0-1

[Event "Junior Online 4NCL Division 3"]
[Site "online"]
[Date "2020.10.01"]
[Round "4.111"]
[White "Antonopoulos, Chris"]
[Black "Jayaprakash, Shravan"]
[Result "0-1"]
[WhiteElo "1390"]
[BlackElo "1000"]
[PlyCount "78"]
[EventDate "2020.10.01"]
[WhiteTeam "Brentwood School B"]
[BlackTeam "Uxbridge Juniors B"]

1. e4 e5 2. Nf3 Nc6 3. Bc4 Qf6 4. O-O d6 5. d3 Be6 6. Bxe6 Qxe6 7. Nc3 a6 8.
Nd5 O-O-O 9. Ng5 Qe8 10. Qg4+ Kb8 11. Qf3 f6 12. Nh3 Nd4 13. Qd1 Qg6 14. Be3
Ne7 15. Nxe7 Bxe7 16. Bxd4 exd4 17. Nf4 Qf7 18. Nd5 g5 19. Qf3 h5 20. c3 g4 21.
Qg3 dxc3 22. Nxe7 Qxe7 23. bxc3 Rdg8 24. h3 h4 25. Qe3 gxh3 26. Qxh3 Qe5 27. c4
Rg7 28. a4 Rhg8 29. Rab1 Rxg2+ 30. Qxg2 Rxg2+ 31. Kxg2 Qg5+ 32. Kh3 f5 33. exf5
Qxf5+ 34. Kxh4 Qxd3 35. Rg1 Qd4+ 36. Kh3 Qxf2 37. Rg8+ Ka7 38. Rg2 Qf5+ 39. Kh2
Qxb1 0-1

[Event "Junior Online 4NCL Division 3"]
[Site "online"]
[Date "2020.10.01"]
[Round "4.112"]
[White "Kapoor, Devansh"]
[Black "Kriel, Daniel"]
[Result "1/2-1/2"]
[WhiteElo "1060"]
[BlackElo "1135"]
[PlyCount "133"]
[EventDate "2020.10.01"]
[WhiteTeam "Uxbridge Juniors B"]
[BlackTeam "Brentwood School B"]

1. e4 e5 2. Nf3 Nc6 3. Bc4 Bc5 4. Nc3 h6 5. d4 exd4 6. Na4 Bb6 7. Nxb6 axb6 8.
Nxd4 Nxd4 9. Qxd4 Nf6 10. e5 Ng8 11. Qf4 Qe7 12. O-O d6 13. Re1 Be6 14. exd6
Qxd6 15. Qxd6 cxd6 16. Bxe6 fxe6 17. Rxe6+ Ne7 18. Rxd6 O-O 19. Rxb6 Rf6 20.
Rxb7 Nd5 21. b3 Re6 22. Bb2 Rae8 23. Rxg7+ Kh8 24. Re7+ Kg8 25. Rxe8+ Rxe8 26.
Rd1 Nf4 27. h3 h5 28. Rd4 Ne2+ 29. Kf1 Nxd4 30. Bxd4 Ra8 31. a4 Rc8 32. c4 Rb8
33. c5 Rxb3 34. a5 Ra3 35. c6 Rxa5 36. c7 Ra8 37. Be5 Rc8 38. Ke2 Kf7 39. Bh2
h4 40. g3 hxg3 41. Bxg3 Kg7 42. h4 Kh6 43. Kf3 Kh5 44. Kf4 Rxc7 45. Kf5 Rf7+
46. Ke4 Kg4 47. Ke5 Rf5+ 48. Ke4 Rf8 49. Bd6 Kxh4 50. f4 Rf6 51. Be7 Kg4 52.
Bxf6 Kh5 53. f5 Kh6 54. Bd8 Kg7 55. f6+ Kf7 56. Ke5 Ke8 57. Ba5 Kf7 58. Kf5 Ke8
59. Ke6 Kf8 60. Bb4+ Ke8 61. f7+ Kd8 62. f8=Q+ Kc7 63. Qd6+ Kb7 64. Bc5 Ka8 65.
Qa6+ Kb8 66. Qa7+ Kc8 67. Ke7 1/2-1/2

[Event "Junior Online 4NCL Division 3"]
[Site "online"]
[Date "2020.10.01"]
[Round "4.113"]
[White "van Enckevort, Noah"]
[Black "Mangalagiri, Pranav"]
[Result "0-1"]
[WhiteElo "1000"]
[BlackElo "970"]
[PlyCount "26"]
[EventDate "2020.10.01"]
[WhiteTeam "Brentwood School B"]
[BlackTeam "Uxbridge Juniors B"]

1. e4 e6 2. d4 d5 3. Nc3 c5 4. dxc5 Bxc5 5. Nxd5 exd5 6. exd5 Nf6 7. Bc4 O-O 8.
Nf3 Re8+ 9. Ne5 Rxe5+ 10. Be3 Bxe3 11. fxe3 Rxe3+ 12. Kf2 Qb6 13. Kg1 Re1# 0-1

[Event "Junior Online 4NCL Division 3"]
[Site "online"]
[Date "2020.10.01"]
[Round "4.114"]
[White "Palampathi, Sanjit"]
[Black "Measday, Austin"]
[Result "1-0"]
[WhiteElo "917"]
[BlackElo "925"]
[PlyCount "57"]
[EventDate "2020.10.01"]
[WhiteTeam "Uxbridge Juniors B"]
[BlackTeam "Brentwood School B"]

1. e4 e5 2. Bc4 Bc5 3. Nf3 Nf6 4. Nxe5 d5 5. Bxd5 Nxd5 6. exd5 Qxd5 7. O-O Qxe5
8. Re1 O-O 9. Rxe5 f6 10. Rxc5 b6 11. Rxc7 Be6 12. Qf3 Na6 13. Qb7 Nxc7 14.
Qxc7 Bf5 15. Nc3 Rfe8 16. Qc4+ Be6 17. Qf1 Bc4 18. Qxc4+ Kf8 19. Qb4+ Kf7 20.
f4 Re1+ 21. Kf2 Rae8 22. Qc4+ R8e6 23. f5 Ke7 24. fxe6 Rh1 25. Nd5+ Kxe6 26.
Nc7+ Ke5 27. d4+ Ke4 28. d5+ Ke5 29. Qf4# 1-0

[Event "Junior Online 4NCL Division 3"]
[Site "online"]
[Date "2020.10.01"]
[Round "4.115"]
[White "Jayaprakash, Shravan"]
[Black "Antonopoulos, Chris"]
[Result "0-1"]
[WhiteElo "1000"]
[BlackElo "1390"]
[PlyCount "145"]
[EventDate "2020.10.01"]
[WhiteTeam "Uxbridge Juniors B"]
[BlackTeam "Brentwood School B"]

1. g4 e5 2. Bg2 Nf6 3. g5 Nh5 4. d3 Nf4 5. Bxf4 exf4 6. c4 Bb4+ 7. Nc3 Bxc3+ 8.
bxc3 O-O 9. Nf3 Nc6 10. h4 Re8 11. Nd4 Nxd4 12. cxd4 c6 13. Qd2 d5 14. c5 b6
15. Qxf4 bxc5 16. dxc5 Qa5+ 17. Qd2 Qxd2+ 18. Kxd2 Bf5 19. d4 Bg4 20. f3 Bh5
21. Rhe1 Bg6 22. f4 Rab8 23. Kc3 Re3+ 24. Kd2 Rg3 25. Bf3 Be4 26. Rf1 Bxf3 27.
Rxf3 Rxf3 28. exf3 Rb2+ 29. Ke3 g6 30. a4 Rb3+ 31. Kf2 Rb2+ 32. Ke3 Rb3+ 33.
Kf2 Rb4 34. Ke3 Kf8 35. Ra3 Ke7 36. a5 Ke6 37. a6 Rb5 38. Kf2 Rb4 39. Ke3 Kf5
40. Kd3 Kxf4 41. Kc3 Rb5 42. Kc2 Kg3 43. Re3 Kxh4 44. Re7 Ra5 45. Rxa7 Kxg5 46.
Rxf7 Rxa6 47. Rxh7 Ra2+ 48. Kd3 Ra3+ 49. Ke2 Ra2+ 50. Ke3 Ra3+ 51. Kf2 Rd3 52.
Rc7 Rxd4 53. Rxc6 Rc4 54. Kg3 d4 55. f4+ Kf5 56. Kf2 Kxf4 57. Rxg6 Rxc5 58.
Rf6+ Ke5 59. Rh6 Rc2+ 60. Ke1 Kd5 61. Rh3 Kc4 62. Kd1 Rg2 63. Rh4 Kc3 64. Ke1
d3 65. Rh3 Kc2 66. Kf1 Rg4 67. Rh1 d2 68. Ke2 Re4+ 69. Kf3 Rd4 70. Rh2 Kc1 71.
Ke3 d1=Q 72. Re2 Re4+ 73. Kxe4 0-1